Carotenoids. Part B, Metabolism, genetics, and biosynthesis /

The critically acclaimed laboratory standard, Methods in Enzymology, is one of the most highly respected publications in the field of biochemistry. Since 1955, each volume has been eagerly awaited, frequently consulted, and praised by researchers and reviewers alike. The series contains much materia...

Full description

Bibliographic Details
Other Authors: Packer, Lester
Format: eBook
Language:English
Published: San Diego : Academic Press, ©1993.
Series:Methods in enzymology ; v. 214.
Subjects:
Online Access:Full Text via HEAL-Link
LEADER 01908nam a2200397 4500
001 ocn755015949
003 OCoLC
005 20180501121944.0
006 m o d
007 cr mn|||||||||
008 110929s1993 caua ob 001 0 eng d
040 |a COF  |b eng  |e pn  |c COF  |d OPELS  |d OCLCQ  |d OPELS  |d OCLCF  |d KUK  |d OCLCQ  |d KIJ  |d GrThAP 
020 |a 0121821153  |q (electronic bk.) 
020 |a 9780121821159  |q (electronic bk.) 
035 |a (OCoLC)755015949 
050 4 |a QP601 
082 0 4 |a 574.19 
049 |a TEFA 
245 0 0 |a Carotenoids.  |n Part B,  |p Metabolism, genetics, and biosynthesis /  |c edited by Lester Packer. 
260 |a San Diego :  |b Academic Press,  |c ©1993. 
300 |a 1 online resource (xxvii, 468 pages) :  |b illustrations. 
336 |a text  |b txt  |2 rdacontent 
337 |a computer  |b c  |2 rdamedia 
338 |a online resource  |b cr  |2 rdacarrier 
490 1 |a Methods in enzymology ;  |v v. 214 
504 |a Includes bibliographical references and indexes. 
588 0 |a Print version record. 
520 |a The critically acclaimed laboratory standard, Methods in Enzymology, is one of the most highly respected publications in the field of biochemistry. Since 1955, each volume has been eagerly awaited, frequently consulted, and praised by researchers and reviewers alike. The series contains much material still relevant today--truly an essential publication for researchers in all fields of life sciences. 
650 0 |a Carotenoids. 
650 7 |a Carotenoids.  |2 fast  |0 (OCoLC)fst00847767 
650 0 2 |a Carotenoids [MESH] 
655 4 |a Electronic books. 
700 1 |a Packer, Lester. 
776 0 8 |i Print version:  |t Carotenoids. Part B, Metabolism, genetics, and biosynthesis.  |d San Diego : Academic Press, ©1993  |z 0121821153  |w (OCoLC)27837410 
830 0 |a Methods in enzymology ;  |v v. 214. 
856 4 0 |u https://www.sciencedirect.com/science/bookseries/00766879/214  |z Full Text via HEAL-Link